000 01474nam a2200241Ia 4500
999 _c36665
_d36665
001 2588
003 GE_BSU
005 20190520214630.0
008 181216s2009||||ge |||||||||||||| ||geo||
040 _cGE_BSU
041 _ageo
080 _a39(479.22) შ-20
100 _aშამილაძე, ვახტანგ
_91457
245 _aსაქართველოს ეთნოლოგიის ისტორია :
_b ნაწ.1 /
_cვახტანგ შამილაძე, ოთარ მიმინოშვილი; საქ. მეცნ. ეროვნული აკადემია; შ. რუსთაველის სახელმწ., უნ–ტი; ნიკო ბერძენიშვილის ინ–ტი; [რედ. როინ მეტრეველი.
264 _aთბილისი :
_bუნივერსალი,
_c2009.
300 _a593 გვ.;
_b24 სმ.
653 _aისტორია
653 _aეთნოლოგია
700 _aმიმინოშვილი, ოთარ
_eავტორი
_91458
700 _aმეტრეველი, როინ
_eრედაქტორი
_91459
710 _aსაქ. მეცნ. ეროვნული აკადემია
_bშ. რუსთაველის სახელმწ., უნ–ტი; ნიკო ბერძენიშვილის ინ–ტი
_91460
942 _cBK
_2udc